000 00329 a2200157 4500
001 160429
020 _a
040 _cMagnum
100 _aCarvalho, Geraldo Camargo de
240 1 0 _aQuimica moderna 2
_lpor
245 1 0 _aQuimica moderna 2
362 0 _a1899
440 1 _aScipione
697 _aPARADIDATICO
942 _cBK
999 _c160429
_d160429